| 000 | 00645nam a22001937a 4500 | ||
|---|---|---|---|
| 999 |
_c196038 _d196038 |
||
| 005 | 20230519104842.0 | ||
| 010 | _aUR-12021 | ||
| 020 |
_a9788196013585 _c400.00 |
||
| 035 | _aU-10576 | ||
| 037 | _bDBAD/PUB | ||
| 082 | _a844 | ||
| 100 | _aمنظر اعجا ز | ||
| 245 |
_aنواءۓ سکوت : _bتجزی اور مرثیے / _cمنظر اعجا ز |
||
| 246 |
_aNawaye Sukoot : Tajziye aur Marsiye / _bby Manzar Aijaz |
||
| 260 |
_aNew Delhi _bEducational Publishing House _c2022 ء |
||
| 270 |
_aH.O. D1/16, Ansari Road, Darya Ganj _bNew Delhi _e110002 |
||
| 300 |
_a255 ص _c23cm(Hb) |
||
| 942 |
_2ddc _cUR _h844 _mم ن ظ |
||